Statistics for Countries to have gained independence from the U.K.

Click here to take the quiz!

General Stats

  • This quiz has been taken 1,736 times
    (1,367 since last reset)
  • The average score is 41 of 61

Answer Stats

Year of IndependenceCountry% Correct
1776United States of America
99%
1982Canada
95%
1947India
95%
1986Australia
92%
1986New Zealand
90%
1961South Africa
89%
1947Pakistan
88%
1922Ireland
85%
1963Kenya
81%
1922Egypt
80%
1962Jamaica
76%
1960Nigeria
75%
1980Zimbabwe
75%
1956Sudan
72%
1964Zambia
71%
1973Bahamas
70%
1966Barbados
70%
1970Fiji
70%
1957Ghana
70%
1948Sri Lanka
70%
1961Tanzania
70%
1966Lesotho
69%
1983Saint Kitts and Nevis
69%
1966Botswana
68%
1932Iraq
68%
1957Malaysia
68%
1948Israel
67%
1979Saint Lucia
67%
1962Uganda
67%
1981Belize
65%
1979Saint Vincent and the Grenadines
65%
1962Trinidad and Tobago
65%
1981Antigua and Barbuda
63%
1966Guyana
63%
1964Malta
63%
1948Myanmar
63%
1960Cyprus
62%
1962Samoa
62%
1978Tuvalu
62%
1964Malawi
60%
1978Solomon Islands
60%
1967Yemen
60%
1946Jordan
59%
1974Grenada
58%
1979Kiribati
58%
1968Nauru
58%
1968Swaziland
58%
1965The Gambia
58%
1978Dominica
57%
1961Kuwait
57%
1971Qatar
57%
1976Seychelles
57%
1971United Arab Emirates
57%
1971Bahrain
56%
1965Maldives
55%
1980Vanuatu
55%
1961Sierra Leone
54%
1968Mauritius
51%
1975Papua New Guinea
50%
1984Brunei
49%
1960*Somaliland
14%

Score Distribution

Percentile by Number Answered

Percent of People with Each Score

Your Score History

You have not taken this quiz since the last reset